000 00543cam a2200169 a 4500
020 _a0072394668 (alk. paper)
020 _a0072480165 (CDROM)
050 0 0 _aHF5657.4
_b.H55 2002
100 1 _aHilton, Ronald W.
245 1 0 _aManagerial accounting :
_bcreating value in a dynamic business environment /
_cRonald W. Hilton.
250 _a5th ed.
260 _aBoston :
_bMcGraw-Hill/Irwin,
_cc2002.
300 _axxxii, 858 p. :
500 _aIncludes bibliographic references and index.
650 _xManagerial accounting.
942 _2lcc
_cGEN
999 _c9491
_d9491